000 00684nam a2200253 4500
001 2040
010 _a9789895704644
021 _aPT
_b546446/25
090 _a2040
100 _a20260130d2025 c||y0pory50030103ba
101 _apor
102 _aPT
200 _aTens um leão dentro de ti
_fColter Jackson
_gtrad. Sónia Lopes
205 _a1ª edição
210 _a[S.l.]
_cAlma dos Livros
_d2025
215 _a[40] p.
_cil.
_d28 cm
300 _aBMB-Registado
304 _aTít. orig.: Everyday brave
606 _9863
_aLiteratura Infantil
675 _a087.5
_vBMB
_zpor
700 _aJackson
_bColter
_92924
702 _aLopes
_bSónia
_4730
_92711
801 _aPT
_bBMB
_gRPC
990 _cLIVROS